000 01222nam a22003137a 4500
008 130821s2003 xxua gr eng
020 _a9997635175
_cv. 1
020 _a9997635183
_cv. 2
040 _aCo-BoUCM
_bspa
041 0 0 _aeng
060 _aQT 260
245 0 0 _aDeLee& Drez's orthopaedic sports medicine principles and practice
_c[editado por] Jesse C. DeLee, David Drez, Jr. ;associate editor, Mark D. Miller
246 3 _aDeLee and Drez's orthopaedic sports medicine
246 3 0 _aOrthopaedic sports medicine
250 _a2nd ed.
260 _aFiladelfia (Pensilvania, Estados Unidos)
_bSaunders
_c2003
300 _a2 volúmenes
_bilustraciones
500 _aAnterior ed. publicado como: medicina deportiva ortopédica. Philadelphia: W.B. Saunders, c1994.
504 _aIncluye bibliografía e índice.
650 0 4 _aAccidentes deportivos
_98317
650 0 4 _aCiencias del deporte
_910805
650 0 4 _aMedicina deportiva
_919146
650 0 4 _aOrtopedia
_920921
700 1 _aDeLee, Jesse.
700 1 _aDrez, David.
700 1 _aMiller, Mark D.
856 4 2 _zTabla de Contenido
_uhttp://www.loc.gov/catdir/toc/ecip086/2007049536.html
942 _cLIBRO
_a15
_e2
_mD346
_2NLM
_hQT 260
_n0
999 _c92912
_d92912